000 00603nam a22001817a 4500
005 20250423171055.0
008 250326b |||||||| |||| 00| 0 eng d
020 _a9781788115261
041 _aEng.
082 _a658.4210 COV
100 _aCoviello, Nicole
245 _aHandbook of Measures for International Entrepreneurship Research: Multi-Item Scales Crossing Disciplines and Contexts
260 _aUK
_b Edward Elgar Publishing
_c2016
300 _a636;. P. 23 cm
650 _aEntrepreneurship-Research-Methodology; Scaling (Social sciences)
700 _aYli Renko, Helena
942 _cBK
999 _c43404
_d43404